Pokémon 5G (dans l'ordre) - Statistiques

Statistiques générales
  • Ce quiz a été pris 43 fois
  • Le résultat moyen est 81 sur 156
Statistiques - réponses
ID Pokémon % Correct
494 Victini
100%
509 Chacripan
86%
503 Clamiral
86%
520 Colombeau
86%
521 Déflaisan
86%
511 Feuillajou
86%
512 Feuiloutan
86%
513 Flamajou
86%
514 Flamoutan
86%
515 Flotajou
86%
516 Flotoutan
86%
499 Grotichon
86%
498 Gruikui
86%
510 Léopardus
86%
496 Lianaja
86%
497 Majaspic
86%
508 Mastouffe
86%
502 Mateloutre
86%
505 Miradar
86%
501 Moustillon
86%
519 Poichigeon
86%
507 Ponchien
86%
506 Ponchiot
86%
504 Ratentif
86%
500 Roitiflam
86%
495 Vipélierre
86%
567 Aéroptéryx
71%
566 Arkéapti
71%
559 Baggiguane
71%
550 Bargantua
71%
536 Batracné
71%
534 Bétochef
71%
545 Brutapode
71%
564 Carapagos
71%
532 Charpenti
71%
572 Chinchidou
71%
548 Chlorobule
71%
527 Chovsourir
71%
580 Couaneton
71%
541 Couverdure
71%
558 Crabaraque
71%
557 Crabicoque
71%
537 Crapustule
71%
553 Crocorible
71%
561 Cryptéro
71%
555 Darumacho
71%
554 Darumarond
71%
560 Baggaïd
71%
546 Doudouvet
71%
552 Escroco
71%
547 Farfaduvet
71%
549 Fragilady
71%
525 Géolithe
71%
526 Gigalithe
71%
538 Judokrak
71%
539 Karaclée
71%
581 Lakmécygne
71%
540 Larveyette
71%
542 Manternel
71%
556 Maracachi
71%
551 Mascaïman
71%
565 Mégapagos
71%
578 Méios
71%
575 Mesmérella
71%
530 Minotaupe
71%
517 Munna
71%
518 Mushana
71%
531 Nanméouïe
71%
524 Nodulithe
71%
577 Nucléos
71%
533 Ouvrifier
71%
528 Rhinolove
71%
529 Rototaupe
71%
544 Scobolide
71%
574 Scrutella
71%
576 Sidérella
71%
579 Symbios
71%
535 Tritonde
71%
562 Tutafeh
71%
563 Tutankafer
71%
543 Venipatte
71%
522 Zébibron
71%
523 Zéblitz
71%
571 Zoroark
71%
570 Zorua
71%
586 Haydaim
57%
568 Miamiasme
57%
569 Miasmax
57%
585 Vivaldaim
57%
588 Carabing
43%
587 Emolga
43%
591 Gaulet
43%
589 Lançargot
43%
582 Sorbébé
43%
584 Sorbouboul
43%
583 Sorboul
43%
590 Trompignon
43%
600 Clic
29%
601 Cliticlic
29%
610 Coupenotte
29%
597 Grindur
29%
611 Incisache
29%
593 Moyade
29%
596 Mygavolt
29%
598 Noacier
29%
573 Pashimilla
29%
614 Polagriffe
29%
613 Polarhume
29%
595 Statitik
29%
599 Tic
29%
612 Tranchodon
29%
592 Viskuse
29%
631 Aflamanoir
14%
602 Anchwatt
14%
641 Boréas
14%
638 Cobaltium
14%
645 Démétéros
14%
634 Diamat
14%
621 Drakkarmin
14%
616 Escargaume
14%
632 Fermite
14%
626 Frison
14%
642 Fulguris
14%
607 Funécire
14%
627 Furaiglon
14%
649 Genesect
14%
623 Golemastoc
14%
622 Gringolem
14%
628 Gueriaigle
14%
615 Hexagel
14%
647 Keldeo
14%
619 Kungfouine
14%
646 Kyurem
14%
603 Lampéroie
14%
605 Lewsor
14%
617 Limaspeed
14%
618 Limonde
14%
609 Lugulabre
14%
594 Mamanbo
14%
608 Mélancolux
14%
648 Meloetta
14%
606 Neitram
14%
604 Ohmassacre
14%
637 Pyrax
14%
636 Pyronille
14%
643 Reshiram
14%
624 Scalpion
14%
625 Scalproie
14%
620 Shaofouine
14%
633 Solochi
14%
639 Terrakium
14%
635 Trioxhydre
14%
630 Vaututrice
14%
640 Viridium
14%
629 Vostourno
14%
644 Zekrom
14%
Aucun quiz correspondant
Distribution des résultats
% des personnes avec chaque résultat
Percentile par nombre de réponses
Votre historique - résultats
Vous n’avez pas pris ce quiz